| 000 | 00680nam a2200193Ia 4500 | ||
|---|---|---|---|
| 003 | OSt | ||
| 005 | 20251105105857.0 | ||
| 008 | 210210b2002 xxu||||| |||| 00| 0 eng d | ||
| 040 | _cAL | ||
| 041 | _aKannada | ||
| 082 | _aK894.1 KRAK | ||
| 100 |
_aKRASHNAMURTI (K S). _dಕೃಷ್ಣಮೂರ್ತಿ (ಕೆ ಎಸ್) _9244016 |
||
| 245 |
_aKumaravalmiki virachita torave ramayana samputa 2. _bಕುಮಾರವಾಲ್ಮೀಕಿ ವಿರಚಿತ ತೊರವೆ ರಾಮಾಯಣ ಸಂಪುಟ ೨. |
||
| 260 |
_aBengluru. _bKannada Sahithya Parishattu., _c2002 |
||
| 300 | _avi,702 | ||
| 690 |
_aKannada Poetry _9244017 |
||
| 906 | _aSG04331 | ||
| 942 |
_2ddc _cBK |
||
| 999 |
_c115231 _d115231 |
||